| 000 | 00468nam a22001697a 4500 | ||
|---|---|---|---|
| 003 | BD-DhUL | ||
| 005 | 20171109100651.0 | ||
| 008 | 171109snd. enk||||| |||| 00| 0 per d | ||
| 040 |
_aBD-DhUL _cBD-DhUL |
||
| 082 |
_a891.551 _bELP |
||
| 100 | 0 | _aیلیٹ، بردویول | |
| 245 | 0 |
_aکلید مثنوی / _cبردویول یلیٹ |
|
| 260 |
_aلندن : _b، _c۔ |
||
| 300 |
_aمختلف صفات ؛ _c۲۴ سم۔ |
||
| 650 | 0 | _aPersian poetry | |
| 942 |
_2ddc _cBK |
||
| 999 |
_c231850 _d231850 |
||